Así hablaba zaratustra (Registro nro. 11297)

Detalles MARC
000 -CABECERA
Longitud fija campo de control 00472nam a2200193 a 4500
003 - • IDENTIFICADOR DELl NÚMERO DE CONTROL
Identificador del número de control CO-ViMGA
008 - • CÓDIGOS DE INFORMACIÓN DE LONGITUD FIJA
Códigos de información de longitud fija 141112s2004 ck r 000 u spa d
040 ## - FUENTE DE LA CATALOGACIÓN
Centro catalogador de origen CO-ViMGA
Lengua de catalogación spa
Centro transcriptor CO-ViMGA
082 ## - • NÚMERO DE LA CLASIFICACIÓN DECIMAL DEWEY
Número de clasificación (R) 834.8 N437a
100 1# - • PUNTO DE ACCESO PRINCIPAL-NOMBRE DE PERSONA
Nombre de persona Nietzsche, Friedrich
245 10 - • TITULO PROPIAMENTE DICHO
Título Así hablaba zaratustra
250 ## - • MENCIÓN DE EDICIÓN
Mención de edición 5a
300 ## - • DESCRIPCIÓN FÍSICA
Extensión 183 p
490 ## - • MENCIÓN DE SERIE
Mención de serie Sepan cuantos, 395
650 14 - • PUNTO DE ACCESO ADICIONAL DE MATERIA - TÉRMINO DE MATERIA
Término de materia o nombre geográfico como elemento inicial ENSAYOS ALEMANES
942 ## - ENTRADA DE ELEMENTOS AGREGADOS (KOHA)
Fuente de clasificaión o esquema Dewey Decimal Classification
Koha [por defecto] tipo de item LIbro

No hay ítems disponibles.










Instituto Departamental de Cultura del Meta - Red Departamental de Bibliotecas Públicas del Meta.